[Event "Avoine op 25th"]
[Site "Avoine"]
[Date "2010.07.21"]
[Round "5"]
[White "Lukasiewicz, Grzegorz"]
[Black "Drenchev, Petar"]
[Result "0-1"]
[WhiteElo "2264"]
[BlackElo "2514"]
[PlyCount "48"]
[EventDate "2010.07.??"]
[EventType "swiss"]
[EventRounds "9"]
[EventCountry "FRA"]
[Source "Mark Crowther"]
[SourceDate "2010.08.02"]
[WhiteTeamCountry "FRA"]
[BlackTeamCountry "FRA"]

1. d4 Nf6 2. Nf3 g6 3. c3 Bg7 4. Bf4 O-O 5. h3 d6 6. e3 Nc6 7. Nbd2 Nd7 8. Bh2
e5 9. dxe5 dxe5 10. e4 a5 11. a4 Nc5 12. Bb5 Nd3+ 13. Ke2 Nf4+ 14. Bxf4 exf4
15. Re1 h5 16. Kf1 g5 17. Nb3 Qf6 18. Nbd4 g4 19. Ng1 Rd8 20. hxg4 hxg4 21. f3
Nxd4 22. e5 Qb6 23. cxd4 Rxd4 24. Qc1 g3 0-1

[Event "Avoine op 25th"]
[Site "Avoine"]
[Date "2010.07.21"]
[Round "5"]
[White "Doncea, Vladimir"]
[Black "Eden, James"]
[Result "1-0"]
[WhiteElo "2474"]
[BlackElo "2090"]
[PlyCount "65"]
[EventDate "2010.07.??"]
[EventType "swiss"]
[EventRounds "9"]
[EventCountry "FRA"]
[Source "Mark Crowther"]
[SourceDate "2010.08.02"]
[WhiteTeamCountry "FRA"]
[BlackTeamCountry "FRA"]

1. d4 d5 2. Nf3 Nf6 3. c4 c6 4. Nc3 dxc4 5. a4 Bg4 6. e4 e5 7. Be3 Bb4 8. Bxc4
O-O 9. h3 Bh5 10. dxe5 Qxd1+ 11. Kxd1 Bxc3 12. bxc3 Nxe4 13. Kc2 Bg6 14. Nh4
Re8 15. Bd3 Rxe5 16. Rhe1 Nf6 17. Nxg6 hxg6 18. Bd4 Rxe1 19. Rxe1 Nbd7 20. Re7
Rd8 21. Bxf6 gxf6 22. Bc4 Ne5 23. Be2 Nd7 24. Bc4 Ne5 25. Ba2 Rd7 26. Bxf7+ Kg7
27. Rxd7 Nxd7 28. Bc4 a5 29. Bb3 Nc5 30. c4 Ne6 31. Kc3 Nc5 32. Bd1 Ne6 33. g3
1-0

[Event "Avoine op 25th"]
[Site "Avoine"]
[Date "2010.07.21"]
[Round "5"]
[White "Ribeiro, Romain"]
[Black "Galdunts, Sergey"]
[Result "0-1"]
[WhiteElo "2159"]
[BlackElo "2459"]
[PlyCount "68"]
[EventDate "2010.07.??"]
[EventType "swiss"]
[EventRounds "9"]
[EventCountry "FRA"]
[Source "Mark Crowther"]
[SourceDate "2010.08.02"]
[WhiteTeamCountry "FRA"]
[BlackTeamCountry "FRA"]

1. e4 e5 2. Nf3 Nc6 3. Bc4 Nf6 4. d3 Be7 5. Nc3 d6 6. h3 Na5 7. O-O O-O 8. Qe2
h6 9. Rd1 c6 10. a4 Nxc4 11. dxc4 Qc7 12. Nh2 Nh7 13. Nf1 f5 14. exf5 Bxf5 15.
Ng3 Bg6 16. Qg4 Bxc2 17. Bxh6 Rf7 18. Rd2 Nf6 19. Qe2 Bg6 20. Bg5 Raf8 21. Bxf6
Rxf6 22. Nge4 Rf4 23. Rad1 Rd8 24. g3 Rff8 25. b4 Qc8 26. Kh2 Qe6 27. Qe3 Bh5
28. g4 Bg6 29. Qe2 Rf4 30. f3 Rdf8 31. Nxd6 Rxg4 32. fxg4 Be4 33. Ndxe4 Qh6 34.
Kg1 Qe3+ 0-1

[Event "Avoine op 25th"]
[Site "Avoine"]
[Date "2010.07.21"]
[Round "5"]
[White "Terrieux, Kevin"]
[Black "Rabineau, Clement"]
[Result "1-0"]
[WhiteElo "2437"]
[BlackElo "2305"]
[PlyCount "125"]
[EventDate "2010.07.??"]
[EventType "swiss"]
[EventRounds "9"]
[EventCountry "FRA"]
[Source "Mark Crowther"]
[SourceDate "2010.08.02"]
[WhiteTeamCountry "FRA"]
[BlackTeamCountry "FRA"]

1. e4 e5 2. Nf3 Nf6 3. Nxe5 d6 4. Nf3 Nxe4 5. d4 d5 6. Bd3 Nc6 7. O-O Be7 8. c4
Bg4 9. cxd5 Qxd5 10. Nc3 Nxc3 11. bxc3 O-O 12. Rb1 Bd6 13. Rb5 Bxf3 14. gxf3
Qe6 15. f4 f5 16. Rxb7 Qxa2 17. Qf3 Ne7 18. c4 c5 19. Bb2 Qa5 20. Ra1 Qd2 21.
Rd1 Qa5 22. Rb5 Qc7 23. dxc5 Bxc5 24. Qg2 g6 25. Qf3 Rad8 26. Rb7 Qc8 27. Be5
Qe6 28. Bf1 Bb6 29. c5 Rxd1 30. Qxd1 Bxc5 31. Qc2 Rc8 32. Rc7 Rxc7 33. Bxc7 Qc6
34. Qb3+ Kf8 35. Be5 Qb6 36. Qf3 Nc6 37. Kg2 Bd4 38. Bd6+ Ke8 39. Qd5 Ne7 40.
Bb5+ Kd8 41. Qe6 Qb7+ 42. Kg3 a6 43. Bxa6 Bxf2+ 44. Kxf2 Qb6+ 45. Kg2 Qc6+ 46.
Kg3 Qc3+ 47. Kh4 g5+ 48. Kxg5 Qg7+ 49. Kh5 Qg4+ 50. Kh6 Qh4+ 51. Kg7 Qg4+ 52.
Kf8 Ng6+ 53. Kf7 Nh8+ 54. Kf6 Qg6+ 55. Ke5 Nf7+ 56. Kd5 Qg2+ 57. Kc5 Qf2+ 58.
Kc6 Qc2+ 59. Qc4 Qg2+ 60. Qd5 Qe4 61. Bc5+ Nd6 62. Kxd6 Qxf4+ 63. Kc6+ 1-0

[Event "Avoine op 25th"]
[Site "Avoine"]
[Date "2010.07.21"]
[Round "5"]
[White "Saatdjian, Thomas"]
[Black "Siclet, Mathieu"]
[Result "1-0"]
[WhiteElo "2369"]
[BlackElo "1845"]
[PlyCount "105"]
[EventDate "2010.07.??"]
[EventType "swiss"]
[EventRounds "9"]
[EventCountry "FRA"]
[Source "Mark Crowther"]
[SourceDate "2010.08.02"]
[WhiteTeamCountry "FRA"]
[BlackTeamCountry "FRA"]

1. Nf3 Nf6 2. c4 e6 3. g3 Be7 4. Bg2 O-O 5. O-O d5 6. b3 c6 7. d4 Nbd7 8. Nbd2
b6 9. Qc2 Bb7 10. e4 dxe4 11. Nxe4 Nxe4 12. Qxe4 Nf6 13. Qe2 c5 14. dxc5 Bxc5
15. Bb2 Qe7 16. Rad1 Rad8 17. Ne5 Bxg2 18. Kxg2 Qb7+ 19. Qf3 Rb8 20. g4 h6 21.
h4 a6 22. g5 hxg5 23. hxg5 Nh7 24. Nd7 Nxg5 25. Qxb7 Rxb7 26. Nxf8 Kxf8 27.
Rd8+ Ke7 28. Ra8 a5 29. Bxg7 Rc7 30. Rd1 Nh7 31. Rh8 Ng5 32. f4 Ne4 33. Kf3 Nd6
34. Bf8+ Kd7 35. Rh7 Kc6 36. Bxd6 Bxd6 37. Rg1 Kc5 38. Rgg7 Kb4 39. Rxf7 Rxf7
40. Rxf7 Ka3 41. Rd7 Bb4 42. Ke4 Kxa2 43. Rd3 Kb2 44. Ke5 Bc3+ 45. Kxe6 Kxb3
46. f5 Kxc4 47. Rxc3+ Kxc3 48. f6 b5 49. f7 b4 50. f8=Q a4 51. Qc5+ Kb3 52. Kd5
a3 53. Qc4+ 1-0

[Event "Avoine op 25th"]
[Site "Avoine"]
[Date "2010.07.21"]
[Round "5"]
[White "David, Vincent"]
[Black "Herdier, Goulwenn"]
[Result "1-0"]
[WhiteElo "2407"]
[BlackElo "2112"]
[PlyCount "135"]
[EventDate "2010.07.??"]
[EventType "swiss"]
[EventRounds "9"]
[EventCountry "FRA"]
[Source "Mark Crowther"]
[SourceDate "2010.08.02"]
[WhiteTeamCountry "FRA"]
[BlackTeamCountry "FRA"]

1. d4 Nf6 2. c4 g6 3. Nf3 Bg7 4. g3 O-O 5. Bg2 d6 6. O-O c5 7. Nc3 Nc6 8. d5
Na5 9. Nd2 b6 10. Rb1 Ng4 11. Qc2 Rb8 12. b3 e6 13. dxe6 fxe6 14. Bb2 Nf6 15.
Rbd1 Bb7 16. Bxb7 Rxb7 17. Nde4 Rd7 18. f3 d5 19. Nxf6+ Bxf6 20. cxd5 exd5 21.
e4 dxe4 22. Nxe4 Bd4+ 23. Kg2 Bxb2 24. Rxd7 Qxd7 25. Qxb2 Qe7 26. Qc3 Nc6 27.
a3 Ne5 28. b4 cxb4 29. axb4 Qe6 30. Qd4 Nc6 31. Qa1 Nxb4 32. Qxa7 Qa2+ 33.
Qxa2+ Nxa2 34. Rb1 Rb8 35. Kf2 b5 36. Rb2 Nc1 37. Ke3 Rd8 38. Rxb5 Rd3+ 39. Kf4
Rb3 40. Rd5 Rb7 41. g4 h6 42. Rd6 Kg7 43. h4 Nb3 44. Rd5 Ra7 45. Ng3 Na5 46. h5
Rf7+ 47. Ke4 Re7+ 48. Kd3 Nc6 49. Rd6 Ne5+ 50. Kc2 Rc7+ 51. Kd1 Rd7 52. Rxd7+
Nxd7 53. Ke2 Ne5 54. Ke3 g5 55. Ke4 Nc4 56. Nf5+ Kh7 57. Kd5 Nd2 58. Nd4 Kg7
59. Ke6 Nc4 60. Nf5+ Kh7 61. Kf6 Nd2 62. Nd4 Nc4 63. Nc6 Nd2 64. Ne5 Nb3 65.
Kf7 Nd4 66. Nd7 Nxf3 67. Nf6+ Kh8 68. Kg6 1-0

[Event "Avoine op 25th"]
[Site "Avoine"]
[Date "2010.07.21"]
[Round "5"]
[White "Maloberti, David"]
[Black "Debray, Christopher"]
[Result "0-1"]
[WhiteElo "2136"]
[BlackElo "2362"]
[PlyCount "98"]
[EventDate "2010.07.??"]
[EventType "swiss"]
[EventRounds "9"]
[EventCountry "FRA"]
[Source "Mark Crowther"]
[SourceDate "2010.08.02"]
[WhiteTeamCountry "FRA"]
[BlackTeamCountry "FRA"]

1. d4 Nf6 2. c4 e6 3. Nf3 c5 4. Nc3 cxd4 5. Nxd4 Qb6 6. e3 Nc6 7. Be2 Bb4 8.
O-O O-O 9. Na4 Qc7 10. Nb5 Qb8 11. a3 Be7 12. b4 a5 13. bxa5 Rxa5 14. Bd2 Ra6
15. c5 Ne4 16. Bb4 b6 17. Nd6 Bxd6 18. cxd6 Nxb4 19. axb4 b5 20. Qd4 f5 21. Nc5
Rxd6 22. Qe5 Nd2 23. Rfc1 Nf3+ 24. Bxf3 Rd1+ 25. Rxd1 Qxe5 26. Ra5 d6 27. Nd3
Qc3 28. Raa1 Qf6 29. Bc6 e5 30. Bxb5 f4 31. Bc6 fxe3 32. fxe3 Qg5 33. Re1 Bf5
34. Nf2 Qh4 35. b5 Bg6 36. Ra2 Qb4 37. Rea1 Qc5 38. e4 h6 39. Rb2 Kh7 40. Bd5
Qb6 41. Bc6 h5 42. h3 Kh6 43. Ra3 Qd4 44. Raa2 Bf7 45. Bd5 Bxd5 46. exd5 e4 47.
Rd2 Qc5 48. Re2 e3 49. Ne4 Qxd5 0-1

[Event "Avoine op 25th"]
[Site "Avoine"]
[Date "2010.07.21"]
[Round "5"]
[White "Plachetka, Jan"]
[Black "Menager, Erwan"]
[Result "1/2-1/2"]
[WhiteElo "2351"]
[BlackElo "2087"]
[PlyCount "137"]
[EventDate "2010.07.??"]
[EventType "swiss"]
[EventRounds "9"]
[EventCountry "FRA"]
[Source "Mark Crowther"]
[SourceDate "2010.08.02"]
[WhiteTeamCountry "FRA"]
[BlackTeamCountry "FRA"]

1. e4 c5 2. Nf3 d6 3. d4 cxd4 4. Nxd4 Nf6 5. Nc3 g6 6. Bc4 Bg7 7. O-O O-O 8.
Re1 Nc6 9. Bb3 Bd7 10. h3 Rc8 11. Be3 Na5 12. Qd3 a6 13. Bg5 Re8 14. Nd5 Nxb3
15. axb3 Nxd5 16. exd5 Qb6 17. c3 e5 18. dxe6 fxe6 19. b4 e5 20. Nf3 Qc6 21.
Qe3 d5 22. Rac1 Qd6 23. Bh6 Bf6 24. Rcd1 Bc6 25. Ng5 Qe7 26. Qg3 e4 27. Nf3 Qf7
28. Nd4 Be5 29. f4 Bc7 30. Qe3 Kh8 31. Rf1 Bd7 32. Rd2 Re7 33. Rdf2 Rg8 34. Re1
Bb6 35. Kh1 Ree8 36. Rd2 Bd8 37. Qg3 Bf6 38. Re3 Qe7 39. Bg5 Bxg5 40. Qxg5 Qxg5
41. fxg5 Rgf8 42. Kg1 Re5 43. h4 Rf4 44. Rf2 Rxf2 45. Kxf2 Kg7 46. Re1 h6 47.
gxh6+ Kxh6 48. Ke3 g5 49. Rh1 Re7 50. hxg5+ Kxg5 51. Rh8 Rg7 52. Rf8 Kh6 53.
Rf6+ Rg6 54. Rf7 Rg7 55. Rf2 Kg6 56. Ne2 Kh6 57. Rf6+ Kg5 58. Rd6 Bc6 59. Nf4
Kf5 60. Rd8 Ke5 61. Rh8 Rg3+ 62. Kf2 Rg5 63. Ne2 Rf5+ 64. Ke3 Rg5 65. Rh2 Bd7
66. Nd4 Rg3+ 67. Kf2 Rd3 68. Rh5+ Kd6 69. Rh6+ 1/2-1/2

[Event "Avoine op 25th"]
[Site "Avoine"]
[Date "2010.07.21"]
[Round "5"]
[White "Perrin, Guillaume"]
[Black "Dessenne, Francois"]
[Result "1-0"]
[WhiteElo "2301"]
[BlackElo "2063"]
[PlyCount "65"]
[EventDate "2010.07.??"]
[EventType "swiss"]
[EventRounds "9"]
[EventCountry "FRA"]
[Source "Mark Crowther"]
[SourceDate "2010.08.02"]
[WhiteTeamCountry "FRA"]
[BlackTeamCountry "FRA"]

1. e4 e5 2. Nf3 Nc6 3. Bb5 a6 4. Bxc6 dxc6 5. O-O Qd6 6. Na3 b5 7. c3 c5 8. Qe2
Bg4 9. Nc2 Rd8 10. Rd1 Qd3 11. Qxd3 Rxd3 12. Nce1 Rd8 13. h3 Bxf3 14. Nxf3 f6
15. d3 Ne7 16. Be3 Ng6 17. a4 b4 18. Rac1 Bd6 19. g3 Rb8 20. Nd2 Kd7 21. Nb3
bxc3 22. Rxc3 Rb4 23. Nxc5+ Bxc5 24. Bxc5 Rxa4 25. b3 Ra2 26. d4 Ke6 27. dxe5
fxe5 28. Be3 Rc8 29. Rc6+ Ke7 30. h4 Nf8 31. Rd5 Nd7 32. Bd2 Kd8 33. Bg5+ 1-0

[Event "Avoine op 25th"]
[Site "Avoine"]
[Date "2010.07.21"]
[Round "5"]
[White "Carvallo, Henri"]
[Black "Dieu, Bruno"]
[Result "1/2-1/2"]
[WhiteElo "2133"]
[BlackElo "2296"]
[PlyCount "79"]
[EventDate "2010.07.??"]
[EventType "swiss"]
[EventRounds "9"]
[EventCountry "FRA"]
[Source "Mark Crowther"]
[SourceDate "2010.08.02"]
[WhiteTeamCountry "FRA"]
[BlackTeamCountry "FRA"]

1. d4 Nf6 2. Bf4 g6 3. e3 Bg7 4. Nf3 O-O 5. Be2 d5 6. h3 c5 7. c3 Nbd7 8. O-O
b6 9. Nbd2 Bb7 10. Qa4 Ne8 11. b4 c4 12. Ne5 Ndf6 13. Qc2 Nd6 14. a4 a6 15. Bf3
Qc7 16. g4 Nfe8 17. Bg2 f6 18. Nef3 Qd7 19. Bg3 Rc8 20. a5 b5 21. Rad1 Nf7 22.
Rfe1 Ned6 23. Nh2 e5 24. f4 Rce8 25. Nhf3 exf4 26. exf4 Ne4 27. Nxe4 dxe4 28.
Nd2 f5 29. gxf5 gxf5 30. Nf1 Bd5 31. Ne3 Qe6 32. Qf2 Kh8 33. Kh2 Rg8 34. Bf1
Nd6 35. Be2 Bb7 36. Rg1 Qh6 37. Bh4 Bf6 38. Bxf6+ Qxf6 39. Rxg8+ Rxg8 40. Rg1
1/2-1/2

[Event "Avoine op 25th"]
[Site "Avoine"]
[Date "2010.07.21"]
[Round "5"]
[White "Monpeurt, Fabien"]
[Black "Oei, Hway Ik"]
[Result "1-0"]
[WhiteElo "1866"]
[BlackElo "2148"]
[PlyCount "41"]
[EventDate "2010.07.??"]
[EventType "swiss"]
[EventRounds "9"]
[EventCountry "FRA"]
[Source "Mark Crowther"]
[SourceDate "2010.08.02"]
[WhiteTeamCountry "FRA"]
[BlackTeamCountry "FRA"]

1. e4 c6 2. d4 d5 3. Nc3 dxe4 4. Nxe4 Bf5 5. Ng3 Bg6 6. h4 h6 7. N1e2 Nf6 8.
Nf4 Bh7 9. Bc4 e6 10. O-O Bd6 11. Re1 O-O 12. Ngh5 Nxh5 13. Nxh5 Qxh4 14. g3
Qe7 15. Qg4 Bg6 16. Bxh6 gxh6 17. Rxe6 Kh7 18. Rxe7 Bxe7 19. Re1 Bd6 20. Nf6+
Kh8 21. Qh4 1-0

[Event "Avoine op 25th"]
[Site "Avoine"]
[Date "2010.07.21"]
[Round "5"]
[White "Fruteau, Sabine"]
[Black "Devallee, Jeremie"]
[Result "0-1"]
[WhiteElo "2142"]
[BlackElo "1990"]
[PlyCount "50"]
[EventDate "2010.07.??"]
[EventType "swiss"]
[EventRounds "9"]
[EventCountry "FRA"]
[Source "Mark Crowther"]
[SourceDate "2010.08.02"]
[WhiteTeamCountry "FRA"]
[BlackTeamCountry "FRA"]

1. e4 c5 2. Nf3 Nc6 3. Bb5 e6 4. O-O Nge7 5. c3 a6 6. Bxc6 bxc6 7. Qa4 a5 8. d4
Ba6 9. Re1 Ng6 10. d5 Be7 11. dxc6 O-O 12. cxd7 Ra7 13. Be3 Rxd7 14. Na3 f5 15.
Rad1 Bd3 16. exf5 Rxf5 17. Rd2 Rxf3 18. gxf3 Ne5 19. Qf4 Bd6 20. Kg2 Rf7 21.
Qg3 Rxf3 22. Qg5 Qa8 23. Kg1 Rf5 24. Qg2 Nf3+ 25. Kh1 Be4 0-1

[Event "Avoine op 25th"]
[Site "Avoine"]
[Date "2010.07.21"]
[Round "5"]
[White "Peyre, Thomas"]
[Black "Shirazi, Kamran G"]
[Result "0-1"]
[WhiteElo "2065"]
[BlackElo "2428"]
[PlyCount "38"]
[EventDate "2010.07.??"]
[EventType "swiss"]
[EventRounds "9"]
[EventCountry "FRA"]
[Source "Mark Crowther"]
[SourceDate "2010.08.02"]
[WhiteTeamCountry "FRA"]
[BlackTeamCountry "FRA"]

1. e4 Nc6 2. d4 e5 3. dxe5 Nxe5 4. Nf3 Ng6 5. Bc4 Nf6 6. e5 d5 7. Bb3 Ng4 8.
O-O c6 9. h3 h5 10. c4 dxc4 11. Bxc4 N4xe5 12. Qe2 Qe7 13. Bg5 Nxf3+ 14. Qxf3
Ne5 15. Bxf7+ Qxf7 16. Qe4 Bd6 17. f4 O-O 18. Rd1 Bf5 19. Qe3 Nc4 0-1

[Event "Avoine op 25th"]
[Site "Avoine"]
[Date "2010.07.21"]
[Round "5"]
[White "Ollier, Pablo"]
[Black "Smith, Matthieu"]
[Result "1-0"]
[WhiteElo "2293"]
[BlackElo "2026"]
[PlyCount "59"]
[EventDate "2010.07.??"]
[EventType "swiss"]
[EventRounds "9"]
[EventCountry "FRA"]
[Source "Mark Crowther"]
[SourceDate "2010.08.02"]
[WhiteTeamCountry "FRA"]
[BlackTeamCountry "FRA"]

1. d4 d5 2. c4 e6 3. Nc3 c6 4. e4 dxe4 5. Nxe4 Bb4+ 6. Bd2 Qxd4 7. Bxb4 Qxe4+
8. Be2 Na6 9. Bc3 Nf6 10. Nf3 O-O 11. O-O b6 12. Bd3 Qf4 13. Re1 Nc5 14. Be5
Qh6 15. Bc2 Ba6 16. b4 Ncd7 17. Bd6 Bxc4 18. Bxf8 Rxf8 19. Bb3 Bd5 20. Bxd5
cxd5 21. Qc1 Qxc1 22. Raxc1 a5 23. bxa5 bxa5 24. Rc7 a4 25. Rec1 Nb6 26. Ne5
Ne4 27. R1c6 f6 28. Rxb6 fxe5 29. f3 Nd2 30. Rbb7 1-0

[Event "Avoine op 25th"]
[Site "Avoine"]
[Date "2010.07.21"]
[Round "5"]
[White "Peiffer, Edouard"]
[Black "Pucher, Sebastien"]
[Result "0-1"]
[WhiteElo "2047"]
[BlackElo "2251"]
[PlyCount "81"]
[EventDate "2010.07.??"]
[EventType "swiss"]
[EventRounds "9"]
[EventCountry "FRA"]
[Source "Mark Crowther"]
[SourceDate "2010.08.02"]
[WhiteTeamCountry "FRA"]
[BlackTeamCountry "FRA"]

1. e4 c5 2. c4 Nc6 3. Ne2 Nf6 4. Nbc3 e6 5. d4 cxd4 6. Nxd4 Bb4 7. Nxc6 bxc6 8.
Bg5 Qc7 9. Bxf6 gxf6 10. Qd4 Qe5 11. Qxe5 fxe5 12. O-O-O Bc5 13. Rd2 a5 14. Na4
Bd4 15. c5 Ba6 16. Bxa6 Rxa6 17. Rc2 Ra7 18. b3 Rb7 19. Re1 Ke7 20. Kd1 Rg8 21.
g3 h5 22. Ke2 h4 23. Kf3 Rbb8 24. h3 Rbf8 25. Kg2 Rg7 26. Rd2 f5 27. exf5 Rxf5
28. g4 Rf4 29. f3 Rgf7 30. Rd3 e4 31. Rxe4 Rxe4 32. fxe4 Rf2+ 33. Kh1 e5 34.
Nb6 Rxa2 35. Nc4 Ke6 36. Rd2 Ra1+ 37. Kh2 Bxc5 38. Rg2 d5 39. exd5+ cxd5 40.
Nd2 e4 41. g5 0-1

[Event "Avoine op 25th"]
[Site "Avoine"]
[Date "2010.07.21"]
[Round "5"]
[White "Farou, Fabrice"]
[Black "Giua, Frederic"]
[Result "1/2-1/2"]
[WhiteElo "2029"]
[BlackElo "2241"]
[PlyCount "88"]
[EventDate "2010.07.??"]
[EventType "swiss"]
[EventRounds "9"]
[EventCountry "FRA"]
[Source "Mark Crowther"]
[SourceDate "2010.08.02"]
[WhiteTeamCountry "FRA"]
[BlackTeamCountry "FRA"]

1. e4 g6 2. d4 Bg7 3. h4 d5 4. e5 c5 5. c3 h5 6. Nf3 Nc6 7. Bd3 cxd4 8. cxd4
Bg4 9. Be3 Nh6 10. Nc3 e6 11. Bg5 Qb6 12. Nb5 O-O 13. Qd2 Bxf3 14. gxf3 Nxd4
15. Nxd4 Qxd4 16. O-O-O Nf5 17. f4 Kh7 18. Kb1 f6 19. Qc2 fxg5 20. Bxf5 Qxd1+
21. Qxd1 Rxf5 22. hxg5 Rxf4 23. Qc2 Rf5 24. f4 Raf8 25. Rh3 Bxe5 26. Re3 Rxf4
27. b3 Rf2 28. Re2 Rxe2 29. Qxe2 Rf5 30. Qb5 Rxg5 31. Qd7+ Kh6 32. Qxe6 d4 33.
Kc2 Rf5 34. Kd3 h4 35. Qd5 h3 36. Qh1 h2 37. Ke4 Rg5 38. Qf3 Rh5 39. Qh1 Rg5
40. Qf3 Rg1 41. Kxe5 Re1+ 42. Kf6 h1=Q 43. Qf4+ Kh7 44. Qc7+ Kh6 1/2-1/2

[Event "Avoine op 25th"]
[Site "Avoine"]
[Date "2010.07.21"]
[Round "5"]
[White "Godart, Francois"]
[Black "Vekemans, Denis"]
[Result "1-0"]
[WhiteElo "2240"]
[BlackElo "2022"]
[PlyCount "31"]
[EventDate "2010.07.??"]
[EventType "swiss"]
[EventRounds "9"]
[EventCountry "FRA"]
[Source "Mark Crowther"]
[SourceDate "2010.08.02"]
[WhiteTeamCountry "FRA"]
[BlackTeamCountry "FRA"]

1. d4 Nf6 2. c4 e5 3. dxe5 Ng4 4. Nf3 Bc5 5. e3 Nc6 6. Be2 O-O 7. O-O Ngxe5 8.
Nxe5 Nxe5 9. Nc3 d6 10. f4 Ng6 11. f5 Ne5 12. Ne4 Bb6 13. f6 g6 14. Qe1 Bf5 15.
Qh4 Bxe4 16. Qh6 1-0

[Event "Avoine op 25th"]
[Site "Avoine"]
[Date "2010.07.21"]
[Round "5"]
[White "Duboue, Peio"]
[Black "Stephan, Victor"]
[Result "1/2-1/2"]
[WhiteElo "2018"]
[BlackElo "2234"]
[PlyCount "101"]
[EventDate "2010.07.??"]
[EventType "swiss"]
[EventRounds "9"]
[EventCountry "FRA"]
[Source "Mark Crowther"]
[SourceDate "2010.08.02"]
[WhiteTeamCountry "FRA"]
[BlackTeamCountry "FRA"]

1. e4 c5 2. Nf3 d6 3. d4 Nf6 4. dxc5 Nxe4 5. cxd6 Nc6 6. dxe7 Qxd1+ 7. Kxd1
Bxe7 8. Be3 Bf5 9. Bb5 O-O 10. c3 Rad8+ 11. Ke2 Bc5 12. Nbd2 Rfe8 13. Nxe4 Rxe4
14. Bxc6 bxc6 15. Nd4 Bc8 16. Rhe1 Ba6+ 17. Kf3 Rde8 18. Nc2 Bd6 19. g3 c5 20.
Kg2 f5 21. Rad1 Bf8 22. Rd7 g5 23. f3 R4e6 24. Bf2 Re2 25. Rxe2 Rxe2 26. Ne3
Bb5 27. Rxa7 c4 28. Rb7 Ba6 29. Rc7 Rxb2 30. Nxf5 Rxa2 31. Ne3 Bg7 32. Nxc4
Bxc3 33. Ne3 Bd4 34. Rc2 Ra1 35. Rd2 Bxe3 36. Bxe3 h6 37. Rd6 Ra2+ 38. Bd2 Kf7
39. Kf2 Ke7 40. Rd4 Ke6 41. f4 g4 42. Rd8 h5 43. Ke3 Ra3+ 44. Ke4 Ra4+ 45. Ke3
Ra3+ 46. Ke4 Bb7+ 47. Kd4 Ba6 48. Ra8 Rd3+ 49. Ke4 Bb7+ 50. Kxd3 Bxa8 51. Kd4
1/2-1/2

[Event "Avoine op 25th"]
[Site "Avoine"]
[Date "2010.07.21"]
[Round "5"]
[White "Crouan, Stephane"]
[Black "Pailhe, Lionel"]
[Result "1-0"]
[WhiteElo "2216"]
[BlackElo "2007"]
[PlyCount "91"]
[EventDate "2010.07.??"]
[EventType "swiss"]
[EventRounds "9"]
[EventCountry "FRA"]
[Source "Mark Crowther"]
[SourceDate "2010.08.02"]
[WhiteTeamCountry "FRA"]
[BlackTeamCountry "FRA"]

1. e4 c5 2. Nf3 e6 3. d4 cxd4 4. Nxd4 a6 5. Bd3 Bc5 6. Nb3 Be7 7. O-O d6 8. Qg4
g6 9. Qg3 Nd7 10. a4 b6 11. N1d2 Bb7 12. Nc4 Qc7 13. Bf4 e5 14. Be3 Ngf6 15. f3
O-O 16. Qf2 Bd8 17. a5 b5 18. Nb6 Rb8 19. c4 bxc4 20. Rfc1 d5 21. exd5 Nxd5 22.
Bxc4 N7xb6 23. Bxd5 Nxd5 24. Rxc7 Bxc7 25. Bc5 Rfd8 26. g3 Bc6 27. Qc2 Bb5 28.
Nd2 Rbc8 29. Ne4 Kg7 30. Qf2 Rd7 31. h4 Rcd8 32. b4 h6 33. Qb2 f5 34. Nf2 Nf6
35. Bb6 Bxb6 36. axb6 Rd4 37. Re1 Nd7 38. h5 gxh5 39. Qc2 Kg6 40. Qc7 Re8 41.
b7 Rc4 42. Qd6+ Kg7 43. Nd3 Rd4 44. Qxd4 exd4 45. Rxe8 Kf7 46. Rd8 1-0

[Event "Avoine op 25th"]
[Site "Avoine"]
[Date "2010.07.21"]
[Round "5"]
[White "Ashanina, Olga"]
[Black "Le Borgne, Pierre"]
[Result "1/2-1/2"]
[WhiteElo "2012"]
[BlackElo "2216"]
[PlyCount "113"]
[EventDate "2010.07.??"]
[EventType "swiss"]
[EventRounds "9"]
[EventCountry "FRA"]
[Source "Mark Crowther"]
[SourceDate "2010.08.02"]
[WhiteTeamCountry "FRA"]
[BlackTeamCountry "FRA"]

1. e4 c5 2. Nf3 Nc6 3. Bb5 Qb6 4. Bxc6 Qxc6 5. d3 g6 6. O-O Bg7 7. Nbd2 Nf6 8.
Re1 O-O 9. c3 b6 10. e5 Nd5 11. d4 cxd4 12. Nxd4 Qc7 13. N2f3 Bb7 14. Bd2 a6
15. a4 Qc5 16. Qe2 Rfc8 17. Rec1 Rab8 18. c4 Nb4 19. Nb3 Bxf3 20. Qxf3 Qxe5 21.
Bxb4 Qxb2 22. Bxe7 Rc6 23. Rab1 Qa2 24. Rd1 Rxc4 25. Bf6 Bf8 26. Qd5 Qxa4 27.
Qxd7 Qc6 28. Qxc6 Rxc6 29. Bd4 Rd8 30. Be3 Rxd1+ 31. Rxd1 Rc3 32. Rb1 b5 33.
Bd2 Rc2 34. Kf1 b4 35. Ke2 Bd6 36. Kd3 Rc8 37. Rc1 Rd8 38. Kc4 a5 39. Kb5 Bxh2
40. Kxa5 Bd6 41. Rc6 h5 42. Ra6 Bc5 43. Nxc5 Rxd2 44. Rf6 Rd4 45. Rf3 h4 46.
Rh3 Rg4 47. g3 hxg3 48. Rxg3 Rxg3 49. fxg3 Kg7 50. Kxb4 Kf6 51. Nd3 Kg5 52. Nf2
f5 53. Kc4 f4 54. g4 Kh4 55. Kd3 Kg3 56. Ke2 g5 57. Kf1 {'(=)'} 1/2-1/2

[Event "Avoine op 25th"]
[Site "Avoine"]
[Date "2010.07.21"]
[Round "5"]
[White "Duhayon, Yves"]
[Black "Le Goff, Ronan"]
[Result "1-0"]
[WhiteElo "2211"]
[BlackElo "1961"]
[PlyCount "97"]
[EventDate "2010.07.??"]
[EventType "swiss"]
[EventRounds "9"]
[EventCountry "FRA"]
[Source "Mark Crowther"]
[SourceDate "2010.08.02"]
[WhiteTeamCountry "FRA"]
[BlackTeamCountry "FRA"]

1. d4 d5 2. c4 e6 3. Nf3 Nf6 4. Bg5 Be7 5. Nc3 Nbd7 6. e3 O-O 7. Rc1 a6 8. cxd5
exd5 9. Bd3 Re8 10. O-O Nf8 11. Qc2 c6 12. h3 h6 13. Bf4 Bd6 14. Bxd6 Qxd6 15.
a3 N8d7 16. Rfe1 b5 17. e4 dxe4 18. Nxe4 Nxe4 19. Bxe4 Bb7 20. Red1 Rac8 21.
Bh7+ Kh8 22. Bf5 Rcd8 23. Bxd7 Rxd7 24. Ne5 Rde7 25. Qc5 Qc7 26. b4 Kg8 27. Qc3
Re6 28. Re1 Qe7 29. Re3 Qh4 30. Rce1 Rd8 31. Nf3 Rxe3 32. Qxe3 Qf6 33. Qe7 Qxe7
34. Rxe7 Rb8 35. Ne5 f6 36. Nd3 Ba8 37. Nc5 Rd8 38. Ra7 Kh7 39. Kf1 h5 40. Ke2
Kh6 41. Kd3 g5 42. g4 Kg6 43. Rxa6 f5 44. f3 fxg4 45. fxg4 Rf8 46. a4 bxa4 47.
Rxa4 Rd8 48. Ra7 Re8 49. Nd7 1-0

[Event "Avoine op 25th"]
[Site "Avoine"]
[Date "2010.07.21"]
[Round "5"]
[White "Bonnaud, Remy"]
[Black "Yche, Michel"]
[Result "1/2-1/2"]
[WhiteElo "2183"]
[BlackElo "1952"]
[PlyCount "57"]
[EventDate "2010.07.??"]
[EventType "swiss"]
[EventRounds "9"]
[EventCountry "FRA"]
[Source "Mark Crowther"]
[SourceDate "2010.08.02"]
[WhiteTeamCountry "FRA"]
[BlackTeamCountry "FRA"]

1. e4 e6 2. d4 d5 3. Nc3 Bb4 4. Qd3 Ne7 5. Bd2 O-O 6. Nf3 b6 7. Ne2 Ba6 8. Qe3
Bxd2+ 9. Nxd2 dxe4 10. Qxe4 Qd5 11. O-O-O Nbc6 12. Qxd5 Nxd5 13. Nf3 Rad8 14.
Nc3 Nxc3 15. bxc3 Bxf1 16. Rhxf1 Na5 17. Rfe1 Nc4 18. Nd2 Nxd2 19. Rxd2 Rd5 20.
c4 Ra5 21. Kb2 Rd8 22. Red1 Kf8 23. Kb3 c6 24. Rd3 Rf5 25. f3 h5 26. Kb4 Ke7
27. a4 Rxd4 28. Rxd4 c5+ 29. Kc3 1/2-1/2